[Event "Int. Stuttgarter Stadtmeisterschaft B"]
[Site "Ditzingen"]
[Date "2013.05.12"]
[Round "7.34"]
[White "Gheng, Hannelore"]
[Black "Matic, Marijo"]
[Result "1-0"]
[WhiteElo "1691"]
[BlackElo "1565"]
[PlyCount "87"]
[EventDate "2013.??.??"]
[WhiteTeam "SF Deizisau"]
[BlackTeam "Stuttgarter SF 1879"]

1. e4 e5 2. Nf3 Nc6 3. Bc4 h6 4. d4 exd4 5. Nxd4 Nxd4 6. Qxd4 Nf6 7. O-O d6 8.
e5 Ng8 9. Re1 Be6 10. exd6 Qxd6 11. Qe4 O-O-O 12. Bf4 Nf6 13. Bxe6+ Qxe6 14.
Qxe6+ fxe6 15. Nc3 Bd6 16. Bxd6 Rxd6 17. Re2 Re8 18. Nb5 Rb6 19. c4 a6 20. Nd4
Rd6 21. Nb3 e5 22. Rae1 b6 23. f3 Nd7 24. f4 c5 25. Nd2 Rd4 26. fxe5 Rxe5 27.
Rxe5 Nxe5 28. Rxe5 Rxd2 29. Re8+ Rd8 30. Rxd8+ Kxd8 31. Kf2 Kd7 32. Ke3 Ke6 33.
Ke4 a5 34. b3 g6 35. h4 a4 36. bxa4 Kd6 37. g4 Ke6 38. h5 gxh5 39. gxh5 Kf6 40.
a5 bxa5 41. Kd5 a4 42. Kxc5 Ke7 43. Kc6 a3 44. c5 1-0

[Event "Int. Stuttgarter Stadtmeisterschaft B"]
[Site "Ditzingen"]
[Date "2013.05.12"]
[Round "7.36"]
[White "Mihalache, Victor"]
[Black "Pillath, Marcus"]
[Result "0-1"]
[WhiteElo "1334"]
[BlackElo "1654"]
[PlyCount "85"]
[EventDate "2013.??.??"]
[WhiteTeam "SF 59 Kornwestheim"]
[BlackTeam "SGem Vaihingen-Rohr"]

1. e4 c6 2. Nf3 h6 3. d4 d5 4. exd5 cxd5 5. Bb5+ Bd7 6. Bxd7+ Nxd7 7. Nc3 e6 8.
O-O Ngf6 9. Re1 Be7 10. a3 a6 11. Bf4 Rc8 12. h3 O-O 13. Ne5 Nxe5 14. dxe5 Nd7
15. Qg4 Bg5 16. Bxg5 Qxg5 17. Qxg5 hxg5 18. Re2 Nb6 19. b3 Rxc3 20. Rd1 Rfc8
21. Rdd2 Nd7 22. g3 Nc5 23. Re3 Ne4 24. Rxc3 Rxc3 25. Re2 Nxg3 26. fxg3 Rxg3+
27. Kh2 Rc3 28. Rg2 Kh7 29. Rxg5 Rxc2+ 30. Rg2 Rxg2+ 31. Kxg2 Kg6 32. Kf3 Kf5
33. Ke3 Kxe5 34. Kd3 f5 35. Kc3 f4 36. Kb4 f3 37. Kc5 f2 38. a4 f1=Q 39. b4
Qc1+ 40. Kb6 Qc6+ 41. Ka7 Qxa4 42. Kxb7 Qxb4+ 43. Ka8 0-1

[Event "Int. Stuttgarter Stadtmeisterschaft B"]
[Site "Ditzingen"]
[Date "2013.05.12"]
[Round "7.37"]
[White "Fürderer, Carl"]
[Black "Lisin, Wladimir"]
[Result "1/2-1/2"]
[WhiteElo "1586"]
[BlackElo "1487"]
[PlyCount "103"]
[EventDate "2013.??.??"]
[WhiteTeam "SC Weisse Dame Ulm e.V."]
[BlackTeam "SGem Vaihingen-Rohr"]

1. e4 d5 2. exd5 Nf6 3. Bc4 Nxd5 4. Qf3 e6 5. Nc3 c6 6. Nge2 Nd7 7. d4 Qf6 8.
Qxf6 N7xf6 9. Bd2 Bd6 10. g3 O-O 11. Nf4 Nxc3 12. Bxc3 Bxf4 13. gxf4 Ne4 14.
Bb4 Rd8 15. c3 a5 16. Be7 Rd7 17. Bh4 b5 18. Bd3 f5 19. f3 Nd6 20. O-O-O Bb7
21. Rde1 Kf7 22. Rhg1 Nc4 23. b3 Nb6 24. Re2 Nd5 25. Rge1 Nxf4 26. Rd2 Nxd3+
27. Rxd3 c5 28. Rde3 cxd4 29. Rxe6 Bxf3 30. Re7+ Rxe7 31. Rxe7+ Kf8 32. cxd4
Rc8+ 33. Kd2 Be4 34. Ke3 Rc3+ 35. Kf4 h6 36. Rxe4 fxe4 37. Kxe4 g5 38. Bg3 a4
39. bxa4 bxa4 40. Kd5 Kf7 41. Kd6 h5 42. d5 Rxg3 43. hxg3 h4 44. gxh4 gxh4 45.
Kc7 h3 46. d6 h2 47. d7 h1=Q 48. d8=Q Qh2+ 49. Qd6 Qxa2 50. Qd7+ Kf6 51. Qd6+
Qe6 52. Qf4+ 1/2-1/2

[Event "Int. Stuttgarter Stadtmeisterschaft B"]
[Site "Ditzingen"]
[Date "2013.05.12"]
[Round "7.38"]
[White "Weisensel, Wolfgang"]
[Black "Grözinger, Werner"]
[Result "1-0"]
[WhiteElo "1685"]
[BlackElo "1298"]
[Annotator "Microsoft"]
[PlyCount "68"]
[EventDate "2013.??.??"]
[WhiteTeam "Stuttgarter SF 1879"]
[BlackTeam "SV Stuttgart-Wolfbusch 1956 e.V."]

1. Nf3 e6 2. c4 b6 3. Nc3 g6 4. e3 Bb7 5. Be2 Bg7 6. d4 c6 7. O-O d5 8. cxd5
cxd5 9. b3 f5 10. Bb2 Ne7 11. Rc1 O-O 12. Qd2 Bh6 13. g3 Nd7 14. h4 Nf6 15. Ne5
Ne4 16. Nxe4 fxe4 17. Ba3 Rf6 18. Ng4 Bg7 19. Nxf6+ Bxf6 20. Bxe7 Bxe7 21. Bg4
Bc8 22. Bh3 Bxh4 23. gxh4 Qxh4 24. Bg2 e5 25. f3 exf3 26. Rxf3 e4 27. Rf4 Qg5
28. Rc2 Bf5 29. Qf2 Rf8 30. Qh4 Qxh4 31. Rxh4 Rf7 32. Rf4 g5 33. Rf1 h5 34.
Rcf2 Be6 {usw.} 1-0

[Event "Int. Stuttgarter Stadtmeisterschaft B"]
[Site "Ditzingen"]
[Date "2013.05.12"]
[Round "7.39"]
[White "Steinhart, Matthias"]
[Black "Dallinger, Moritz"]
[Result "0-1"]
[WhiteElo "1783"]
[BlackElo "1528"]
[PlyCount "50"]
[EventDate "2013.??.??"]
[WhiteTeam "SF Freiberg"]
[BlackTeam "SV Stuttgart-Wolfbusch 1956 e.V."]

1. e4 c5 2. Nf3 a6 3. d4 cxd4 4. Nxd4 Nf6 5. Nc3 Qc7 6. f4 e5 7. fxe5 Qxe5 8.
Nf3 Qc5 9. h3 Bd6 10. Qd2 Bg3+ 11. Kd1 O-O 12. Qd4 Qxd4+ 13. Nxd4 Nc6 14. Be3
Re8 15. Bd3 b5 16. Nxc6 dxc6 17. a3 Be5 18. Re1 Bxc3 19. bxc3 Nxe4 20. Bxe4
Rxe4 21. Kd2 Bf5 22. Rad1 f6 23. Kc1 Rae8 24. Bf2 Kf7 25. Rd7+ Bxd7 0-1

[Event "Int. Stuttgarter Stadtmeisterschaft B"]
[Site "Ditzingen"]
[Date "2013.05.12"]
[Round "7.40"]
[White "Raabe, Stephan"]
[Black "Mejerski, Stephan"]
[Result "1/2-1/2"]
[WhiteElo "1330"]
[BlackElo "1664"]
[PlyCount "84"]
[EventDate "2013.??.??"]
[WhiteTeam "DJK Stuttgart-Süd"]
[BlackTeam "SK Schmiden/Cannstatt"]

1. e4 c5 2. Nf3 d6 3. d4 cxd4 4. Nxd4 Nc6 5. Nc3 Nf6 6. Be2 g6 7. Be3 Bg7 8.
Qd2 a6 9. O-O O-O 10. Rad1 Bd7 11. Bh6 Qb6 12. Bxg7 Kxg7 13. Nb3 Ne5 14. Qd4
Qxd4 15. Rxd4 Rac8 16. Rfd1 b5 17. f3 Nc6 18. R4d2 Be6 19. Nc1 Ne5 20. a3 Nfd7
21. Nd3 Bc4 22. Nxe5 Nxe5 23. b3 Bxb3 24. cxb3 Rxc3 25. Rb1 Rfc8 26. Rdd1 Rc2
27. Bf1 Ra2 28. Ra1 Rcc2 29. a4 bxa4 30. bxa4 a5 31. Rxa2 Rxa2 32. Bb5 Rc2 33.
Rf1 Kf6 34. Rf2 Rxf2 35. Kxf2 g5 36. g3 Ng6 37. Ke3 e5 38. Bc4 Ke7 39. Kd3 Nf8
40. Bd5 Ne6 41. Bxe6 Kxe6 42. Kc4 Kd7 1/2-1/2